|
|
|
|
| LEADER |
01131nam a2200253 a 4500 |
| 001 |
14685916 |
| 008 |
111218s2007 enkab b 001 0 eng d |
| 010 |
|
|
|a 2007060004
|
| 020 |
|
|
|a 023054276X (cloth)
|
| 020 |
|
|
|a 9780230542761 (cloth)
|
| 040 |
|
|
|a DLC
|c DLC
|d DLC
|d BD-DhAAL
|
| 082 |
0 |
0 |
|a 333.709172/4
|2 22
|
| 245 |
0 |
0 |
|a Effective environmental management in developing countries :
|b assessing social capacity development /
|c edited by Shunji Matsuoka.
|
| 260 |
|
|
|a Basingstoke [England] ;
|a New York :
|b Palgrave Macmillan/IDE-JETRO,
|c 2007.
|
| 300 |
|
|
|a xxvi, 288 p. :
|b ill., maps ;
|c 23 cm.
|
| 504 |
|
|
|a Includes bibliographical references and indexes.
|
| 541 |
1 |
|
|e 00023994
|
| 650 |
|
0 |
|a Sustainable development
|z Developing countries.
|
| 650 |
|
0 |
|a Environmental policy
|z Developing countries.
|
| 700 |
1 |
|
|a Matsuoka, Shunji,
|d 1957-
|
| 710 |
2 |
|
|a Ajia Keizai Kenkyūjo (Japan)
|
| 852 |
1 |
|
|a Ayesha Abed Library
|j General shelf
|
| 999 |
|
|
|c 11625
|d 11625
|
| 952 |
|
|
|0 0
|1 0
|2 ddc
|4 0
|6 333_709172400000000_EFF
|7 0
|9 18915
|a IGS
|b IGS
|c GEN
|d 2011-12-18
|e Amazon
|g 6013.00
|l 1
|m 3
|o 333.7091724 EFF
|p 3010023994
|r 2014-06-09
|s 2012-12-31
|t 1
|w 2011-12-18
|y BK
|